000 00677nam a2200229Ia 4500
003 OSt
005 20220927105709.0
006 a|||||r|||| 00| 0
007 ta
008 220926b |||||||| |||| 00| 0 eng d
024 _a204474
037 _cReference Collections
040 _aRTL
_cRTL
_beng
041 _2eng
_aeng
082 _a"Y:5.211sN81, M1"
100 _aMudrai Region 1981
_9374256
245 0 _aMadurai Region 1981 Census Series 20
260 _aTAMIL
_bNADU Govt Press
_c1981
500 _aBibliography: P 237-38; Appendix: P 230-36
942 _h"Y:5.211sN81, M1"
_cCC
999 _c693963
_d693963